|
|
|
|
| LEADER |
02102nam a22004935i 4500 |
| 001 |
978-3-319-00050-3 |
| 003 |
DE-He213 |
| 005 |
20151030091455.0 |
| 007 |
cr nn 008mamaa |
| 008 |
130305s2013 gw | s |||| 0|eng d |
| 020 |
|
|
|a 9783319000503
|9 978-3-319-00050-3
|
| 024 |
7 |
|
|a 10.1007/978-3-319-00050-3
|2 doi
|
| 040 |
|
|
|d GrThAP
|
| 050 |
|
4 |
|a BJ1-1725
|
| 072 |
|
7 |
|a HPQ
|2 bicssc
|
| 072 |
|
7 |
|a PHI005000
|2 bisacsh
|
| 082 |
0 |
4 |
|a 170
|2 23
|
| 100 |
1 |
|
|a Newton, Lisa.
|e author.
|
| 245 |
1 |
4 |
|a The American Experience in Environmental Protection
|h [electronic resource] /
|c by Lisa Newton.
|
| 264 |
|
1 |
|a Heidelberg :
|b Springer International Publishing :
|b Imprint: Springer,
|c 2013.
|
| 300 |
|
|
|a IX, 61 p.
|b online resource.
|
| 336 |
|
|
|a text
|b txt
|2 rdacontent
|
| 337 |
|
|
|a computer
|b c
|2 rdamedia
|
| 338 |
|
|
|a online resource
|b cr
|2 rdacarrier
|
| 347 |
|
|
|a text file
|b PDF
|2 rda
|
| 490 |
1 |
|
|a SpringerBriefs in Ethics,
|x 2211-8101 ;
|v 6
|
| 505 |
0 |
|
|a Author’s Preface -- Introduction -- Chapter 1: Environmental Background -- Chapter 2: Business Hears the Call -- Chapter 3: Coming to Value Nature.
|
| 520 |
|
|
|a This book tracks the growth of environmental awareness and conservation in the United States through the major trends of the 20th century, and establishes a philosophical ground for protection of the environment. It records a major cultural shift in the thinking of this nation, and provides guidelines for its continuation.
|
| 650 |
|
0 |
|a Philosophy.
|
| 650 |
|
0 |
|a Ethics.
|
| 650 |
|
0 |
|a Philosophy of nature.
|
| 650 |
|
0 |
|a Environmental law.
|
| 650 |
|
0 |
|a Environmental policy.
|
| 650 |
1 |
4 |
|a Philosophy.
|
| 650 |
2 |
4 |
|a Ethics.
|
| 650 |
2 |
4 |
|a Environmental Law/Policy/Ecojustice.
|
| 650 |
2 |
4 |
|a Philosophy of Nature.
|
| 710 |
2 |
|
|a SpringerLink (Online service)
|
| 773 |
0 |
|
|t Springer eBooks
|
| 776 |
0 |
8 |
|i Printed edition:
|z 9783319000497
|
| 830 |
|
0 |
|a SpringerBriefs in Ethics,
|x 2211-8101 ;
|v 6
|
| 856 |
4 |
0 |
|u http://dx.doi.org/10.1007/978-3-319-00050-3
|z Full Text via HEAL-Link
|
| 912 |
|
|
|a ZDB-2-SHU
|
| 950 |
|
|
|a Humanities, Social Sciences and Law (Springer-11648)
|